| 000 | 01576nam a2200277 i 4500 | ||
|---|---|---|---|
| 001 | 157198 | ||
| 003 | ES-MaACL | ||
| 005 | 20250719062540.0 | ||
| 008 | 970820s1887 sp |||| | spa d | ||
| 100 | 1 |
_aLastres y Juiz, Francisco, _d1848-1918 _970504 |
|
| 245 | 1 | 0 |
_aEstudios penitenciarios / _cpor Francisco Lastres. |
| 260 |
_aMadrid : _b[s.n.], _c1887 ( _fEst. Tip. de Pedro Nuñez) |
||
| 300 |
_a272 p. ; _c18 cm. |
||
| 490 | 1 |
_aBiblioteca judicial ; _v33 |
|
| 505 | 8 |
_aContiene: ; _tDe la reforma penitenciaria en España ; _tEl Congreso Penitenciario de Stokolmo ; _tEl Congreso Penitenciario de Roma ; _tDe la colonización penitenciaria - Apéndices: ; _tImportancia de la reforma penitenciaria para la industria y el comercio ; _tLa cárcel vieja y la cárcel nueva ; _tEducación correccional de la juventud ; _tSanta Rita: escuela de reforma para jóvenes ; _tEl castigo de los encubridores habituales |
|
| 530 | _aDisponible en formato digital. | ||
| 650 |
_aDerecho penitenciario- _zEspaña. _9176229 |
||
| 650 | 4 |
_aEstablecimientos penitenciarios- _zEspaña. _9145832 |
|
| 830 | 0 |
_aBiblioteca judicial ; _v33 _9181856 |
|
| 852 |
_aES-MaACL _jD-297 _bR.M.256 _cSVI _dOlim: 193-I-17 _eSello en tinta en portada de la Biblioteca del Ateneo de Madrid _hDonación: Francisco Lastres y Juiz _xEncuadernación holandesa _9163000 |
||
| 852 |
_aES-MaACL _jB-6665 _z- Enc. pasta española |
||
| 903 |
_aLastres y Juiz, Francisco, _d1848-1918 _q1 _ednr _970504 |
||
| 942 |
_2udc _cMONANT |
||
| 999 |
_c157198 _d157198 |
||